Commanders in Rise of Kingdoms - Statistics

General Stats
  • This quiz has been taken 77 times
    4 since last reset
  • The average score is 24 of 133
Answer Stats
Civilization Tier Answer % Correct
Byzantium Epic Belisarius
67%
Britain Epic Boudica
67%
Germany Elite Constance
67%
Korea Epic Eulji Mundeok
67%
Rome Elite Gaius Marius
67%
Germany Epic Hermann
67%
France Epic Joan of Arc
67%
Rome Legendary Julius Caesar
67%
Greece Epic Pericles
67%
Byzantium Legendary (Prime) Prime Belisarius
67%
Germany Legendary (Prime) Prime Hermann
67%
France Legendary (Prime) Prime Joan of Arc
67%
Rome Legendary (Prime) Prime Scipio Africanus
67%
Greece Legendary Pyrrhus
67%
Rome Epic Scipio Africanus
67%
Japan Elite Tomoe Gozen
67%
Maya Epic Wak Chanil Ajaw
67%
Britain Legendary Æthelflæd
33%
Greece Legendary Alexander the Great
33%
Britain Legendary Arthur Pendragon
33%
Arabia Epic Baibars
33%
Vikings Epic Björn Ironside
33%
China Legendary Cao Cao
33%
Other Advanced Centurion
33%
France Legendary Charles Martel
33%
Other Advanced City Keeper
33%
Egypt Legendary Cleopatra VII
33%
Other Advanced Dragon Lancer
33%
Other Legendary Genghis Khan
33%
China Legendary Guan Yu
33%
Japan Legendary Honda Tadakatsu
33%
Egypt Epic Imhotep
33%
Japan Legendary Ishida Mitsunari
33%
Other Epic Keira
33%
Japan Epic Kusunoki Masashige
33%
Britain Elite Lancelot
33%
Other Advanced Markswoman
33%
Britain Epic Matilda of Flanders
33%
Ottoman Empire Legendary Mehmed II
33%
Japan Legendary Minamoto no Yoshitsune
33%
China Legendary Mulan
33%
Ottoman Empire Epic Osman I
33%
Spain Epic Pelagius
33%
Britain Legendary (Prime) Prime Boudica
33%
Other Epic Queen Tamar of Georgia
33%
Britain Legendary Richard I
33%
Other Elite Šárka
33%
Korea Legendary Seondeok
33%
Maya Legendary Siyaj K' ak'
33%
China Epic Sun Tzu
33%
Japan Legendary Takeda Shingen
33%
Egypt Legendary Thutmose III
33%
Britain Legendary William Wallace
33%
Korea Legendary Yi Seong-Gye
33%
Greece Legendary Achilles
0%
Other Legendary Afonso de Albuquerque
0%
Other Legendary Alexander Nevsky
0%
Other Legendary Amanitore
0%
Greece Legendary Archimedes
0%
Other Legendary Artemisia I
0%
Other Legendary Ashurbanipal
0%
Other Legendary Atilla
0%
Other Legendary Babur
0%
China Legendary Bai Qi
0%
France Legendary Bertrand du Guesclin
0%
Other Legendary Casimir III
0%
France Epic Catherine de' Medici
0%
Other Legendary Chandragupta Maurya
0%
France Legendary Charlemagne
0%
Korea Legendary Cheok Jun-gyeong
0%
Korea Legendary Choe Yeong
0%
Byzantium Legendary Constantine I
0%
Other Legendary Cyrus the Great
0%
Other Legendary David IV
0%
Crossover Epic Diaochan
0%
Other Legendary Dido
0%
Britain Legendary Edward of Woodstock
0%
Spain Legendary El Cid
0%
France Legendary Eleanor of Aquitaine
0%
Rome Legendary Flavius Aetius
0%
Germany Legendary Frederick I
0%
Other Legendary Gajah Mada
0%
Korea Legendary Gang Gamchan
0%
Other Legendary Gilgamesh
0%
Spain Legendary Gonzalo de Córdoba
0%
Greece Legendary Gorgo
0%
Other Legendary Hannibal Barca
0%
Vikings Legendary Harald Sigurdsson
0%
Other Legendary Hector
0%
Britain Legendary Henry V
0%
Byzantium Legendary Heraclius
0%
China Legendary Huo Qubing
0%
Other Legendary Jadwiga
0%
Other Legendary Jan Žižka
0%
Other Legendary John Hunyadi
0%
Byzantium Legendary Justinian I
0%
Maya Legendary K'inich Janaab' Pakal
0%
Other Legendary Lapulapu
0%
Greece Legendary Leonidas I
0%
China Legendary Liu Che
0%
Other Epic Lohar
0%
Crossover Legendary Lu Bu
0%
Other Legendary Margaret I
0%
Britain Legendary Mary I
0%
Other Legendary Matthias I
0%
Other Legendary Moctezuma I
0%
Byzantium Epic Narses
0%
Other Legendary Nebuchadnezzar II
0%
France Legendary Pepin III
0%
Greece Legendary Philip II
0%
Vikings Legendary (Prime) Prime Ragnar Lodbrok
0%
China Legendary Qin Shi Huang
0%
Vikings Legendary Ragnar Lodbrok
0%
Egypt Legendary Ramesses II
0%
Arabia Legendary Saladin
0%
Other Legendary Sargon the Great
0%
Rome Legendary Scipio Aemilianus
0%
Arabia Legendary Shajar al-Durr
0%
Other Legendary Shapur I
0%
Other Legendary Stephen III
0%
Other Legendary Subutai
0%
Ottoman Empire Legendary Suleiman I
0%
Arabia Legendary Tariq ibn Ziyad
0%
Byzantium Legendary Theodora
0%
Japan Legendary Tokugawa Ieyasu
0%
Other Legendary Tomyris
0%
Rome Legendary Trajan
0%
Britain Legendary William I
0%
China Legendary Wu Zetian
0%
China Legendary Xiang Yu
0%
Korea Legendary Yi Sun-sin
0%
Other Legendary Zenobia
0%
China Legendary Zhuge Liang
0%
No matching quizzes found
Score Distribution
Percent of People with Each Score
Percentile by Number Answered
Your Score History
You have not taken this quiz since the last reset